00246nam a2200109Ia 4500008004100000100001900041245002500060250000800085260002700093300000800120650000800128191201s2009 xx 000 0 und d aKNOOT,Geoffrey 0aFinancial Management aRep aN. DelhibPalgrac2009 a373 aMBA